00493nam a2200205Ia 4500008004100000020001800041050001400059100002200073245002100095245003600116245002100152260001500173260001600188260000900204300001500213300002700228300001000255440001400265500000800279170918s9999 xx 000 0 und d a9780439682541 bO267 2004 aO'Donoghue, K. S. aGoing vertical : bhow scateboarding got extreme / cK.S. O'Donoghue. aNew York : bScholastic, c2004 a24 pages : bcolored illustration ; c19cm. aRead 180. a650